| 000 | 01359nrm a2200253 i 4500 | ||
|---|---|---|---|
| 001 | BR3171000001190058 | ||
| 005 | 20260420112152.0 | ||
| 008 | 260420t20152012gw | || gnzxx|| | ||
| 024 |
_2EAN _c859022810835 |
||
| 040 |
_aABG508 _bcze _erda |
||
| 100 | 1 |
_aRejchtman, Grzegorz _4aut _96369 |
|
| 245 | 1 | 0 |
_aUbongo! Lines _cGrzegorz Rejchtman |
| 260 |
_bAlbi _c2025 |
||
| 300 | _a1 hra | ||
| 500 | _aPro 1 - 4 hráče | ||
| 500 | _aVhodné od 8 let | ||
| 500 | _aDoba trvání: 25min | ||
| 520 | _aRodinná hra Ubongo v nové variantě s obdélníkovými trojrozměrnými dílky, 324 zadáními a čtyřmi stupni obtížnosti. Světový bestseller v další variantě! Obdélníkové trojrozměrné dílky nabízí nový herní zážitek. Každý hráč má svoji barevnou sadu dílků, se kterými sestavuje tvar vyobrazený na kartě a za odměnu získává diamanty. Ubongo Lines! obsahuje 324 zadání se 4 úrovněmi obtížnosti, má velmi jednoduchá pravidla (která se naučíte za 3 minuty) a rozvíjí prostorovou představivost. | ||
| 653 |
_aspolečenské hry _alogické hry _arodinné hry _amyšlení _apostřeh _aod 7 let |
||
| 655 | 4 |
_adeskové hry _93815 |
|
| 856 |
_3Pravidla hry _uhttps://www.knihovna.roztoky.cz/cgi-bin/koha/opac-retrieve-file.pl?id=b0e8f3363f63b935cae505cac40f2a53 |
||
| 910 | _aABG508 | ||
| 999 |
_c34196 _d34196 |
||